|
|
|
|
| LEADER |
00000cam a2200000 a 4500 |
| 001 |
MED-480 |
| 005 |
20230308195052.0 |
| 008 |
979111|1979 ||||||||r|||||||||||spa|| |
| 040 |
|
|
|b spa
|
| 041 |
0 |
|
|a Español
|
| 245 |
|
|
|a Pielonefritis
|c Efrén Fernández M. y Galo Cevallos Avila. Director Raúl Oswaldo Palacios Serrano
|h dact
|
| 264 |
|
|
|a Cuenca
|c 1979
|
| 300 |
|
|
|a 46 páginas:
|b tab
|c 31 cm
|
| 502 |
|
|
|a Doctor en Medicina y Cirugía
|b Universidad de Cuenca
|c med
|d Palacios Serrano, Raúl Oswaldo, dir.
|e 59
|
| 504 |
|
|
|a incl. ref.
|
| 650 |
|
4 |
|a Nefrología
|9 21343
|
| 650 |
|
|
|a Pielonefritis
|9 158109
|
| 700 |
1 |
|
|a Fernández M., Efrén
|9 158110
|
| 700 |
1 |
|
|a Cevallos Ávila, Galo.
|9 127817
|
| 852 |
|
|
|a UC-SALUD
|c ESTANTERIA CERRADA
|f Donación
|k mariana.feican
|l 1
|m Limitada
|p 19791119
|q 10,00
|t MED-480
|v med
|w Medicina y Cirugía
|y 18164
|b 1
|d CDRS
|e CDRS
|g ESTANTERIA CERRADA
|z 1979-91-11
|
| 942 |
|
|
|c TS
|
| 999 |
|
|
|c 88149
|d 88149
|